Maloobchod a jeho vývoj na Slovensku
Charakteristika maloobchodu. Členenie maloobchodu. Analýza maloobchodu na Slovensku. Tržby za vlastné výkony a tovar v maloobchode v rokoch 2004, 2005 a 2006. Tržby v maloobchode v roku 2005 podľa typu predajne. Najsilnejší mesiac pre obchodníkov - december.
Gespeichert in:
| 1. Verfasser: | |
|---|---|
| Format: | Buchkapitel |
| Sprache: | Slowakisch |
| Schlagworte: | |
| Tags: |
Keine Tags, Fügen Sie das erste Tag hinzu!
|
MARC
| LEADER | 00000naa$a2200000$$$4500 | ||
|---|---|---|---|
| 001 | 0051322 | ||
| 005 | 20240611105258.0 | ||
| 041 | 0 | |a slo | |
| 044 | |a SK | ||
| 245 | 1 | 0 | |a Maloobchod a jeho vývoj na Slovensku |c Katarína Karasová |
| 520 | |a Charakteristika maloobchodu. Členenie maloobchodu. Analýza maloobchodu na Slovensku. Tržby za vlastné výkony a tovar v maloobchode v rokoch 2004, 2005 a 2006. Tržby v maloobchode v roku 2005 podľa typu predajne. Najsilnejší mesiac pre obchodníkov - december. | ||
| 610 | 2 | 0 | |a maloobchod |
| 610 | 2 | 0 | |a predajne |
| 610 | 2 | 0 | |a centrá nákupné |
| 610 | 2 | 0 | |a hypermarkety |
| 610 | 2 | 0 | |a tovar |
| 610 | 2 | 0 | |a tržby |
| 610 | 2 | 0 | |a štatistika |
| 100 | 1 | |a Karasová, Katarína | |